000 00681nam a22002177a 4500
999 _c143204
_d143204
005 20230530162638.0
010 _aENG-119664
020 _a9789351434276
_c245.00
035 _aEN-103196
037 _bDBAD/PUB
082 _a349.54
245 _aLexiesNexies law review /
_cedited by Emanual Nahar [and] Amritpal Kaur
260 _aGurgaon
_bLexisNexis
_c2015
270 _a14th floor, builing no.10, Tower-B DLF cyber city, Phase-II
_bGurgaon (Haryana), India
_e122002
300 _a139p.
_c23cm(pbk)
500 _aIncludes references
505 _avolume 1
700 _aNahar, Emanual
700 _aKaur, Amritpal
942 _2ddc
_cEN
_h349.54
_mNAH